000 02060nam0a22003371 4500
001 rc\3143790
005 20210402125814.0
021 _aRU
_b[75-37939]
035 _a(NLR Aleph) 007319462
090 _a5894306
_c5894306
100 _a20120615d1975 |||y0rusy50 ca
101 0 _arus
102 _aRU
105 _aa z |||||
200 1 _aОптимизация транспортных схем строительства магистральных трубопроводов
_fВ.Г. Карпов, Л.Д. Шор, А.К. Андрианов
_gМ-во стр-ва предприятий нефт. и газовой пром-сти, ВНИИСТ. Центр науч.-техн. информации Всесоюз. науч.-исслед. ин-та по стр-ву магистр. трубопроводов
210 _aМосква
_c[ЦНТИ ВНИИСТа]
_d1975
215 _a48 с.
_cчерт.
_d20
225 1 _aНаучно-технический обзор
_iСерия "Строительные машины, механизмы и оборудование в нефтяной и газовой промышленности"
_i[Проектирование и строительство трубопроводов и газонефтепромысловых сооружений]
300 _aНа обл. авт. не указаны
320 _aСписок лит.: с. 47 (3 назв.)
606 _aТрубы
_xТранспортировка
_xТехнико-экономические расчеты
_2psbo
606 _aТрубопроводы магистральные
_xПостройка
_xОрганизация
_2psbo
700 1 _aКарпов
_bВ. Г.
_cд-р экон. наук, нефтяная пром-сть
_f1938-
_gВячеслав Григорьевич
_3RU\NLR\AUTH\7730269
701 1 _aШор
_bЛ. Д.
_gЛеонид Давидович
701 1 _aАндрианов
_bА. К.
801 0 _aRU
_bNLR
_gpsbo
801 1 _aRU
_bELAR
_2rusmarc
852 _aNLR
_j75-4/7909
942 _cBOOK
980 _aNB